000 003920000a22001570004500
003 LK-CoMWRAF
008 230817t ||||| |||| 00| 0 eng d
040 _aLK-CoMWRAF
_dLK-CoMWRAF
_eLK-CoMWRAF
041 _aeng
082 _a600
_bHAL
245 _aHalf our future
_bthe girl child in Sri Lanka
260 _aColombo
_bSLFUW
_c1991
300 _ap.217
650 _aChildren-SL
942 _cBK
999 _c2482
_d2482